000 00270nam a22001217a 4500
008 180504b xxu||||| |||| 00| 0 eng d
041 _aeng
080 _a32
100 _a20
101 _aPOL
245 _aNdihmese modeste per demokracine
_cStarova,A
942 _2udc
_cBK
999 _c45681
_d45681